000 00716nam a22001577a 4500
003 OSt
005 20150919102918.0
008 150919b xxu||||| |||| 00| 0 eng d
040 _cRUA
082 _aAGR THA 2005 B030 Or.1
100 _9841
_aTHAI, VUTHY.
245 _abiological trait of camelina sativa on irrigation at chomkarleu district, kampongcham province ( លក្ខណៈជីវសាស្រ្តដំណាំកាមេលីណាសាទីរ៉ា ក្នុងសក្ខខ័ណ្ឌស្រោចស្រព នៅស្រុកចំការលើ ខេត្តកំពង់ចាម )
260 _aPhnom Penh
_bRUA
_c2005
300 _a39p.
_bill.
_c29cm.
942 _2ddc
_cAGR
999 _c811
_d811